| 000 | 00343nam a2200109Ia 4500 | ||
|---|---|---|---|
| 008 | 230907s9999||||xx |||||||||||||| ||und|| | ||
| 082 |
_a658.4092 _bBEN |
||
| 100 |
_aBenator, Barry _9115799 |
||
| 245 |
_aProject management &leadership skills for engineering & construction projects / _cBarry Benator. |
||
| 260 | _c2019-09-27 | ||
| 942 |
_2ddc _cEB |
||
| 999 |
_c599662 _d599662 |
||